000 00717cam a2200229 a 4500
001 14120302
003 OSt
005 20140728105420.0
008 050926s2005 es l 000 0 spa
010 _a 2005465119
040 _cBMC
082 _a346.0157284026
110 1 _915018
_aEl Salvador
_tLeyes, etc., familiares
245 1 0 _aRecopilación de leyes familiares
_ceditor, Ricardo Mendoza Orantes
250 _a3ª ed. act
260 _aSan Salvador
_bEditorial Jurídica Salvadoreña
_c2005
300 _a298 p.
_c24 cm
650 2 4 _aDerecho de familia
_zEl Salvador
_96814
650 2 4 _915033
_aFamilia
_zEl Salvador
_vLegislación
700 1 _aMendoza Orantes, Ricardo Alberto‏
_92370
942 _2ddc
_cBK
999 _c7773
_d7773